Tratado de derecho internacional privado

Guardat en:
Dades bibliogràfiques
Autor principal: Guzmán Latorre, Diego (autor)
Format: Llibre
Idioma:espanyol
Publicat: Santiago, Chile: Jurídica, 2003
Edició:Tercera edición.
Matèries:
Etiquetes: Afegir etiqueta
Sense etiquetes, Sigues el primer a etiquetar aquest registre!

MARC

LEADER 00000nam a2200000 a 4500
001 UCK8905
003 CL-VaPUC
005 20250326164156.0
008 060407e20030000CL |||||||||||||||||spa|d
999 |c 316306  |d 316304 
020 |a 8561007932 
040 |c Pontificia Universidad Católica de Valparaíso 
082 0 4 |a 340.9 GUZ 2003  |2 21 
100 1 |a Guzmán Latorre, Diego  |e autor  |9 763863 
245 1 0 |a Tratado de derecho internacional privado 
250 |a Tercera edición. 
260 |a Santiago, Chile:  |b Jurídica,  |c 2003 
300 |a 656 páginas 
583 |a last modification  |c 20060407 00:00:00  |k Rodrigo Vera 
650 0 |a Derecho internacional privado  |9 256361 
650 0 |a Fuentes del derecho  |9 255162 
650 0 |a Personas jurídicas  |9 257259 
650 0 |a Relaciones internacionales   |9 897629 
650 0 |a Conflictos de leyes   |9 460277 
942 |c BK  |2 ddc 
945 |d 20060407 00:00:00  |a jtorresc 
952 |0 0  |1 0  |4 0  |6 340_900000000000000_GUZ_2003  |7 0  |8 A  |9 390562  |a BIBDER  |b BIBDER  |d 2019-11-22  |i 4221141  |l 1  |o 340.9 GUZ 2003  |p 4221141  |r 2023-04-20  |s 2023-04-10  |w 2019-11-22  |y BK  |k DER 
952 |0 0  |1 0  |4 0  |6 340_900000000000000_GUZ_2003  |7 0  |8 A  |9 390563  |a BIBDER  |b BIBDER  |d 2019-11-22  |i 4448553  |o 340.9 GUZ 2003  |p 4448553  |r 2023-01-25  |w 2019-11-22  |y BK  |k DER 
952 |0 0  |1 0  |4 0  |6 340_900000000000000_GUZ_2003  |7 0  |8 A  |9 390564  |a BIBDER  |b BIBDER  |d 2019-11-22  |i 4448545  |l 1  |o 340.9 GUZ 2003  |p 4448545  |r 2023-05-25  |s 2023-05-24  |w 2019-11-22  |y BK  |k DER 
952 |0 0  |1 0  |4 0  |6 340_900000000000000_GUZ_2003  |7 0  |8 A  |9 390565  |a BIBDER  |b BIBDER  |d 2019-11-22  |i 445099K  |o 340.9 GUZ 2003  |p 445099K  |r 2023-01-25  |w 2019-11-22  |y BK  |k DER 
952 |0 0  |1 0  |4 0  |6 340_900000000000000_GUZ_2003  |7 0  |8 A  |9 390566  |a BIBDER  |b BIBDER  |d 2019-11-22  |i 4451007  |o 340.9 GUZ 2003  |p 4451007  |r 2023-01-25  |w 2019-11-22  |y BK  |k DER 
952 |0 0  |1 0  |4 0  |6 340_900000000000000_GUZ_2003  |7 0  |8 A  |9 390567  |a BIBDER  |b BIBDER  |d 2019-11-22  |i 4451015  |l 1  |m 4  |o 340.9 GUZ 2003  |p 4451015  |r 2025-01-28  |s 2020-03-12  |w 2019-11-22  |y BK  |k DER 
952 |0 0  |1 0  |4 0  |6 340_900000000000000_GUZ_2003  |7 0  |8 A  |9 390568  |a BIBDER  |b BIBDER  |d 2019-11-22  |i 4484568  |o 340.9 GUZ 2003  |p 4484568  |r 2023-01-25  |w 2019-11-22  |y BK  |k DER 
952 |0 0  |1 0  |4 0  |6 340_900000000000000_GUZ_2003  |7 0  |8 A  |9 390569  |a BIBDER  |b BIBDER  |d 2019-11-22  |i 4509013  |l 1  |o 340.9 GUZ 2003  |p 4509013  |r 2023-01-25  |s 2020-03-09  |w 2019-11-22  |y BK  |k DER